|
|
|
|
| LEADER |
01367nam a2200337 a 4500 |
| 001 |
39195 |
| 003 |
BD-DhAAL |
| 008 |
220721r20192007enka b 001 0 eng d |
| 999 |
|
|
|c 44070
|d 44070
|
| 010 |
|
|
|a 2009281549
|
| 015 |
|
|
|a GBA728184
|2 bnb
|
| 016 |
7 |
|
|a 013715279
|2 Uk
|
| 020 |
|
|
|a 9780194422581 (pbk.)
|
| 020 |
|
|
|a 0194422585 (pbk.)
|
| 035 |
|
|
|a (OCoLC)ocn173238224
|
| 040 |
|
|
|a UKM
|c UKM
|d BTCTA
|d NDD
|d NLGGC
|d BAKER
|d DLC
|d BD-DhAAL
|
| 042 |
|
|
|a ukblcatcopy
|a pcc
|
| 050 |
0 |
0 |
|a P129
|b .D67 2007
|
| 082 |
0 |
0 |
|a 418
|2 22
|
| 100 |
1 |
|
|a Dörnyei, Zoltán.
|9 50111
|
| 245 |
1 |
0 |
|a Research methods in applied linguistics :
|b quantitative, qualitative, and mixed methodologies /
|c Zoltán Dörnyei.
|
| 260 |
|
|
|a Oxford ;
|a New York, N.Y. :
|b Oxford University Press,
|c c2007 [reprinted 2019].
|
| 300 |
|
|
|a 336 pages ;
|b illustrations ;
|c 24 cm.
|
| 504 |
|
|
|a Includes bibliographical references (pages [317]-328) and index.
|
| 526 |
|
|
|a ENH
|
| 541 |
|
|
|a Book Finder International
|e 39195
|
| 650 |
|
0 |
|a Applied linguistics
|x Research
|x Methodology.
|9 50112
|
| 650 |
|
0 |
|a English language.
|9 50113
|
| 852 |
|
|
|a Ayesha Abed Library
|c General Stacks
|
| 942 |
|
|
|2 ddc
|c BK
|
| 952 |
|
|
|0 0
|1 0
|2 ddc
|4 0
|6 418_000000000000000_DOR
|7 0
|9 71211
|a BRACUL
|b BRACUL
|c GEN
|d 2022-07-07
|e Book Finder International
|g 4057.52
|l 3
|m 35
|o 418 DOR
|p 3010039195
|r 2026-05-19
|s 2026-01-29
|t 1
|v 4057.52
|w 2022-07-07
|y BK
|